The concise Oxford Turkish dictionary / (Record no. 193940)
[ view plain ]
| 000 -LEADER | |
|---|---|
| fixed length control field | 00607 a2200229 4500 |
| 003 - CONTROL NUMBER IDENTIFIER | |
| control field | Nust |
| 005 - DATE AND TIME OF LATEST TRANSACTION | |
| control field | 20170207154113.0 |
| 020 ## - INTERNATIONAL STANDARD BOOK NUMBER | |
| International Standard Book Number | 0-19-864109-5 |
| 035 ## - SYSTEM CONTROL NUMBER | |
| System control number | (Mo)b1002497 |
| 040 ## - CATALOGING SOURCE | |
| Transcribing agency | Nust |
| 082 04 - DEWEY DECIMAL CLASSIFICATION NUMBER | |
| Classification number | 494.35 |
| 245 04 - TITLE STATEMENT | |
| Title | The concise Oxford Turkish dictionary / |
| Statement of responsibility, etc. | ed. by A.D. Alderson and Fahir Iz |
| 260 ## - PUBLICATION, DISTRIBUTION, ETC. | |
| Place of publication, distribution, etc. | London, |
| Date of publication, distribution, etc. | 1959, pr. 1975 |
| 300 ## - PHYSICAL DESCRIPTION | |
| Extent | 807 s. |
| 538 ## - SYSTEM DETAILS NOTE | |
| System details note | Amirah No.55, Shelf No.6 |
| 650 #2 - SUBJECT ADDED ENTRY--TOPICAL TERM | |
| Topical term or geographic name entry element | Dictionaries: English |
| 650 #2 - SUBJECT ADDED ENTRY--TOPICAL TERM | |
| Topical term or geographic name entry element | Dictionaries: English |
| 650 #2 - SUBJECT ADDED ENTRY--TOPICAL TERM | |
| Topical term or geographic name entry element | Dictionaries: Turkish |
| 655 #4 - INDEX TERM--GENRE/FORM | |
| Genre/form data or focus term | Bok |
| 700 1# - ADDED ENTRY--PERSONAL NAME | |
| Personal name | Alderson, Anthony Dolphin |
| Relator code | edt |
| 700 1# - ADDED ENTRY--PERSONAL NAME | |
| Personal name | Iz, Fahir |
| Relator code | edt |
| 942 ## - ADDED ENTRY ELEMENTS (KOHA) | |
| Source of classification or shelving scheme | |
| Koha item type | Book |
| Withdrawn status | Lost status | Source of classification or shelving scheme | Damaged status | Not for loan | Collection code | Permanent Location | Current Location | Date acquired | Total Checkouts | Full call number | Barcode | Date last seen | Price effective from | Koha item type |
|---|---|---|---|---|---|---|---|---|---|---|---|---|---|---|
| Military College of Signals (MCS) | Military College of Signals (MCS) | 12/12/2016 | 423 THE | MCS32821 | 01/12/2023 | 12/12/2016 | Book |
